| 000 | 02621cam a2200517 a 4500 | ||
|---|---|---|---|
| 001 | sjds1071198 | ||
| 003 | sjds | ||
| 005 | 20180421143402.0 | ||
| 008 | 110128s2011 txua b 000 1 eng | ||
| 010 | _a 2010054220 | ||
| 020 | _a9781558856936 (pbk. : alk. paper) | ||
| 020 | _a1558856935 (pbk. : alk. paper) | ||
| 035 | _a474633 | ||
| 035 | _a(OCoLC)668198277 | ||
| 035 | _a474633 | ||
| 040 |
_aDLC _cDLC _dBTCTA _dBKX _dJP3 _dIF9 _dYDXCP _dQBX _dIFA _dUtOrBLW |
||
| 041 | 1 |
_aeng _aspa _heng |
|
| 049 | _aIFAA | ||
| 099 | _aCHILDREN ESPANOL FICTION DE ANDA 2011 | ||
| 100 | 1 |
_aDe Anda, Diane, _eauthor. |
|
| 245 | 1 | 3 |
_aEl monstruo en el colchón y otros cuentos / _cDiane de Anda ; Spanish translation by Josué Gutiérrez-González = The monster in the mattress and other stories / Diane de Anda ; traducción al español de Josué Gutiérrez-González. |
| 246 | 3 | 1 | _aMonstruo en el colchón y otros cuentos |
| 246 | 3 | 1 | _aThe monster in the mattress and other stories |
| 260 |
_aHouston, TX : _bPiñata Books, _c2011. |
||
| 264 | 1 |
_aHouston, TX : _bPiñata Books, _c2011. |
|
| 300 |
_a48, 50 pages : _billustrations ; _c22 cm |
||
| 336 |
_atext _btxt _2rdacontent |
||
| 337 |
_aunmediated _bn _2rdamedia |
||
| 338 |
_avolume _bnc _2rdacarrier |
||
| 500 | _aTranslated from the English. | ||
| 505 | 0 | _aMario, the Magnificent = Mario, el magnífico -- Abuela's mystery : footprints in the flour = El misterioso caso de las extrañas huellas en la harina de Abuela -- The monster in the mattress = El monstruo en el colchón -- Mystery mouse = El misterio del ratón -- The witch on the wall = La bruja en la pared -- Counting kittens = Contando gatitos. | |
| 520 | _aPresents six stories of children and their families facing everyday mysteries. | ||
| 520 | _a"Seis cuentos bilingues protagonizados por niños que tratan de resolver difíciles enigmas de la vida diaria." --From publisher's description. | ||
| 526 | 0 |
_aAccelerated Reader _bMG _c4.7 _d1.0 _z144862 |
|
| 546 | _aText in English and Spanish. | ||
| 650 | 0 |
_aFamilies _vJuvenile fiction. |
|
| 650 | 0 |
_aHispanic Americans _vJuvenile fiction. |
|
| 650 | 0 |
_aSpanish language materials _xBilingual _vJuvenile literature. |
|
| 650 | 7 |
_aFamilia _vNovela juvenil. _2bidex |
|
| 650 | 7 |
_aHispanoestadounidenses _vNovela juvenil. _2bidex |
|
| 650 | 7 |
_aMateriales bilingües en español _vLiteratura juvenil. _2bidex |
|
| 700 | 1 | 2 |
_aDe Anda, Diane. _tMonster in the mattress and other stories. _lSpanish. |
| 700 | 1 | 2 |
_aDe Anda, Diane. _tMonster in the mattress and other stories. _lEnglish. |
| 700 | 1 | _aGutierrez-Gonzalez, Josue. | |
| 942 |
_cBK _2ddc |
||
| 999 |
_c19590 _d19590 |
||